000 00970nam a22003137a 4500
001 122
003 FISKH
005 20230228095919.0
008 230228b cb ||||| |||| 00| 0 eng d
010 _a 88105034
020 _a033500002076
040 _aDLC
_cDLC
_dDLC
_dFISKH
_beng
042 _alcac
050 0 0 _aPZ8.2.L83
_bTo 1987
082 0 0 _a398.2/4529322
_aE
_219
100 1 _aLundell, Margo.
245 1 4 _aThe tortoise and the hare /
_cretold by Margo Lundell ; illustrated by John Nez.
260 _aNew York
_bGolden Book
_aRacine, Wis.
_bWestern Pub. Co.,
_c1987
300 _a12 leaves of plates
_bcol. ill. ;
_c21 cm.
490 0 _aA Little golden book
505 _aH
520 _aRecounts the race between the boastful hare and the persevering tortoise.
521 8 _a500
_bLexile
521 8 _aH
_bRas-Plus
650 1 _aFables.
700 1 _aNez, John A.,
_eill.
906 _a7
_bcbc
_corignew
_d2
_encip
_f19
_gy-gencatlg
942 _2ddc
_cBK
_n0
999 _c122
_d122